Ritualizing the disposal of the deceased: from corpse to concept
| Main Author: | |
|---|---|
| Format: | Print Book |
| Language: | English |
| Subito Delivery Service: | Order now. |
| Check availability: | HBZ Gateway |
| WorldCat: | WorldCat |
| Interlibrary Loan: | Interlibrary Loan for the Fachinformationsdienste (Specialized Information Services in Germany) |
| Published: |
New York Bern Frankfurt Berlin Vienna [u.a.]
Lang
2010
|
| In: |
Toronto studies in religion (30)
Year: 2010 |
| Series/Journal: | Toronto studies in religion
30 |
| Standardized Subjects / Keyword chains: | B
Buddhism
/ Funeral rite
/ Mourning rites
|
| Further subjects: | B
Funeral rites and ceremonies
B Mourning customs B Religion and culture B Human Body Symbolic aspects B Thesis B Anthropology of religion B Human Body Social aspects |
MARC
| LEADER | 00000cam a2200000 c 4500 | ||
|---|---|---|---|
| 001 | 60978451X | ||
| 003 | DE-627 | ||
| 005 | 20251223221953.0 | ||
| 007 | tu | ||
| 008 | 090930s2010 xxu||||| m 00| ||eng c | ||
| 010 | |a 2009048251 | ||
| 015 | |a 09,N41,0170 |2 dnb | ||
| 016 | 7 | |a 996841415 |2 DE-101 | |
| 020 | |a 9781433107924 |c hardcover : alk. paper |9 978-1-4331-0792-4 | ||
| 020 | |a 9781433110108 |c pbk. |9 978-1-4331-1010-8 | ||
| 035 | |a (DE-627)60978451X | ||
| 035 | |a (DE-576)323411886 | ||
| 035 | |a (DE-599)DNB996841415 | ||
| 035 | |a (OCoLC)699929709 | ||
| 035 | |a (OCoLC)699929709 | ||
| 040 | |a DE-627 |b ger |c DE-627 |e rakwb | ||
| 041 | |a eng | ||
| 044 | |c XD-US |c XA-CH |c XA-DE | ||
| 050 | 0 | |a GT3190 | |
| 082 | 0 | |a 393 |q LOC |2 22 | |
| 082 | 0 | 4 | |a 390 |
| 084 | |a 6,24 |a 0 |2 ssgn | ||
| 084 | |a LB 60000 |q BVB |2 rvk |0 (DE-625)rvk/90577:772 | ||
| 084 | |a LC 31000 |q BVB |2 rvk |0 (DE-625)rvk/90641:772 | ||
| 084 | |a 11.93 |2 bkl | ||
| 084 | |a 15.07 |2 bkl | ||
| 090 | |a a | ||
| 100 | 1 | |0 (DE-588)141427876 |0 (DE-627)627786243 |0 (DE-576)323411770 |4 aut |a McCorkle, William W. |d 1969- | |
| 109 | |a McCorkle, William W. 1969- |a MacCorkle, William W. 1969- |a Mc Corkle, William W. 1969- | ||
| 191 | |a 1 | ||
| 245 | 1 | 0 | |a Ritualizing the disposal of the deceased |b from corpse to concept |c William W. McCorkle |
| 264 | 1 | |a New York |a Bern |a Frankfurt |a Berlin |a Vienna [u.a.] |b Lang |c 2010 | |
| 300 | |a XVI, 182 S. |b Ill., graph. Darst., Kt. | ||
| 336 | |a Text |b txt |2 rdacontent | ||
| 337 | |a ohne Hilfsmittel zu benutzen |b n |2 rdamedia | ||
| 338 | |a Band |b nc |2 rdacarrier | ||
| 490 | 1 | |a Toronto studies in religion |v 30 | |
| 500 | |a Includes bibliographical references and index | ||
| 502 | |a Teilw. zugl.: Belfast, Univ., Diss., 2007 | ||
| 583 | 1 | |a Archivierung/Langzeitarchivierung gewährleistet |f SSG |x XA-DE-BW |2 pdager |5 DE-21 | |
| 583 | 1 | |a Archivierung/Langzeitarchivierung gewährleistet |f SSG |x XA-DE-BW |2 pdager |5 DE-16-77 | |
| 650 | 0 | |a Human Body |x Social aspects | |
| 650 | 0 | |a Human Body |x Symbolic aspects | |
| 650 | 0 | |a Human Body |x Social aspects | |
| 650 | 0 | |a Human Body |x Symbolic aspects | |
| 650 | 0 | |a Funeral rites and ceremonies | |
| 650 | 0 | |a Mourning customs | |
| 650 | 0 | |a Anthropology of religion | |
| 650 | 0 | |a Religion and culture | |
| 655 | 7 | |a Hochschulschrift |0 (DE-588)4113937-9 |0 (DE-627)105825778 |0 (DE-576)209480580 |2 gnd-content | |
| 689 | 0 | 0 | |d s |0 (DE-588)4008690-2 |0 (DE-627)106366823 |0 (DE-576)20887772X |2 gnd |a Buddhismus |
| 689 | 0 | 1 | |d s |0 (DE-588)4204578-2 |0 (DE-627)105142301 |0 (DE-576)210163100 |2 gnd |a Bestattungsritus |
| 689 | 0 | 2 | |d s |0 (DE-588)4397244-5 |0 (DE-627)191665274 |0 (DE-576)212010956 |2 gnd |a Trauerritual |
| 689 | 0 | |5 DE-101 | |
| 689 | 1 | 0 | |d s |0 (DE-588)4008690-2 |0 (DE-627)106366823 |0 (DE-576)20887772X |2 gnd |a Buddhismus |
| 689 | 1 | 1 | |d s |0 (DE-588)4204578-2 |0 (DE-627)105142301 |0 (DE-576)210163100 |2 gnd |a Bestattungsritus |
| 689 | 1 | 2 | |d s |0 (DE-588)4397244-5 |0 (DE-627)191665274 |0 (DE-576)212010956 |2 gnd |a Trauerritual |
| 689 | 1 | |5 (DE-627) | |
| 751 | |a Belfast |0 (DE-588)4080332-6 |0 (DE-627)106067923 |0 (DE-576)209219432 |4 uvp | ||
| 830 | 0 | |a Toronto studies in religion |v 30 |9 30 |w (DE-627)182344843 |w (DE-576)013826727 |w (DE-600)1199600-6 |x 8756-7385 |7 am | |
| 935 | |a mteo | ||
| 935 | |i sf | ||
| 935 | |i Blocktest | ||
| 936 | r | v | |a LB 60000 |b Darstellung ohne geografischen Bezug |k Sozial- und Kulturanthropologie. Empirische Kulturwissenschaft |k Rituale und Bräuche |k Rituale und Bräuche im Lebenszyklus |k Darstellung ohne geografischen Bezug |0 (DE-627)127092169X |0 (DE-625)rvk/90577:772 |0 (DE-576)20092169X |
| 936 | r | v | |a LC 31000 |b Darstellung ohne geografischen Bezug |k Sozial- und Kulturanthropologie. Empirische Kulturwissenschaft |k Religionsethnologie |k Totenrituale und Jenseitsvorstellungen |k Darstellung ohne geografischen Bezug |0 (DE-627)1270879103 |0 (DE-625)rvk/90641:772 |0 (DE-576)200879103 |
| 936 | b | k | |a 11.93 |j Buddhismus |0 (DE-627)106415336 |
| 936 | b | k | |a 15.07 |j Kulturgeschichte |0 (DE-627)181569620 |
| 951 | |a BO | ||
| ELC | |b 1 | ||
| ITA | |a 1 |t 1 | ||
| LOK | |0 000 xxxxxcx a22 zn 4500 | ||
| LOK | |0 001 3091062406 | ||
| LOK | |0 003 DE-627 | ||
| LOK | |0 004 60978451X | ||
| LOK | |0 005 20100528104009 | ||
| LOK | |0 008 100521||||||||||||||||ger||||||| | ||
| LOK | |0 040 |a DE-21 |c DE-627 |d DE-21 | ||
| LOK | |0 852 |a DE-21 | ||
| LOK | |0 852 1 |c 16 E 7912 |9 00 | ||
| LOK | |0 935 |a theo | ||
| LOK | |0 936ln |a t12 | ||
| LOK | |0 938 |a 1005 |f 1 | ||
| LOK | |0 939 |a 21-05-10 |b l01 | ||
| LOK | |0 000 xxxxxcx a22 zn 4500 | ||
| LOK | |0 001 309106249X | ||
| LOK | |0 003 DE-627 | ||
| LOK | |0 004 60978451X | ||
| LOK | |0 005 20100917100550 | ||
| LOK | |0 008 100917||||||||||||||||ger||||||| | ||
| LOK | |0 040 |a DE-21-53 |c DE-627 |d DE-21-53 | ||
| LOK | |0 541 |e 26590 | ||
| LOK | |0 689 |a s |a Buddhismus | ||
| LOK | |0 689 |a s |a Tod | ||
| LOK | |0 689 |a s |a Religionsgemeinschaft | ||
| LOK | |0 689 |a s |a Riten | ||
| LOK | |0 852 |a DE-21-53 | ||
| LOK | |0 852 1 |c V 62 McC I 1 |m p |9 00 | ||
| LOK | |0 935 |a i053 | ||
| LOK | |0 938 |a 1009 | ||
| LOK | |0 938 |k p | ||
| LOK | |0 939 |a 17-09-10 |b l01 | ||
| LOK | |0 000 xxxxxcx a22 zn 4500 | ||
| LOK | |0 001 4426671337 | ||
| LOK | |0 003 DE-627 | ||
| LOK | |0 004 60978451X | ||
| LOK | |0 005 20231219173721 | ||
| LOK | |0 008 231205||||||||||||||||ger||||||| | ||
| LOK | |0 040 |a DE-Tue135 |c DE-627 |d DE-Tue135 | ||
| LOK | |0 092 |o n | ||
| LOK | |0 852 |a DE-Tue135 | ||
| LOK | |0 852 1 |9 00 | ||
| LOK | |0 935 |a hdsa | ||
| LOK | |0 939 |a 05-12-23 |b l01 | ||
| ORI | |a SA-MARC-ixtheoa001.raw | ||
| REF | |a Religiöses Symbol | ||
| REL | |a 1 | ||
| STA | 0 | 0 | |a Buddhism,Buddhism,Funeral rite,Funeral,Burial rite,Mourning rites |
| STB | 0 | 0 | |a Buddhisme,Bouddhisme,Rite funéraire,Rituel funéraire |
| STC | 0 | 0 | |a Budismo,Budismo,Rito funerario,Ritual de duelo |
| STD | 0 | 0 | |a Buddhismo <motivo>,Buddhismo,Buddismo,Buddismo,Buddismo (motivo),Buddismo,Rituale funebre,Funerali,Rituale per il lutto |
| STE | 0 | 0 | |a 丧礼仪式,丧葬礼,佛教 |
| STF | 0 | 0 | |a 佛教,喪禮儀式,喪葬禮 |
| STG | 0 | 0 | |a Budismo,Budismo,Rito funerário,Ritual de luto |
| STH | 0 | 0 | |a Буддизм (мотив),Буддизм,Похоронный ритуал |
| STI | 0 | 0 | |a Βουδισμός (μοτίβο),Βουδισμός,Επικήδεια τελετή,Τελετουργικό πένθους |
| SUB | |a REL | ||
| SYG | 0 | 0 | |a Buddhism,Zen-Buddhismus , Begräbnisritus,Bestattungsritual,Begräbnisritual,Grabritual,Grabkult , Trauer,Trauerritus , Buddhism,Zen-Buddhismus , Begräbnisritus,Bestattungsritual,Begräbnisritual,Grabritual,Grabkult , Trauer,Trauerritus |



